• 首页
  • 本馆介绍
  • 公告通知
  • 最新文献
  • 馆藏检索
  • 电子资源
  • 读者导购
  • 参考咨询
  • 我的图书馆
  • 登录
  • 详细信息显示
  • 放入我的书架
  • 预约/预借图书
  • 作者相关作品
  • 分类相关作品
  • 丛书相关作品
  • 出版社相关作品

书目信息

  • 表格格式
  • 工作单格式
  • 卡片格式
题名:
大学数学
    
 
作者: 孙毅 , 高彦伟 , 张静 主编
分册:   随机数学
出版信息: 北京   高等教育出版社  2014.12
页数: 328页
开本: 23cm
丛书名: 普通高等教育“十一五”国家级规划教材
单 册:
中图分类: O13 , O211.6
科图分类:
主题词: 高等数学--高等学校--教材 , 随机过程--高等学校--教材
电子资源:
ISBN: 978-7-04-040740-2
000 01282nam0 2200325 450
001 2235
001 01CN10774139@CSLN
005 20161205095652.48
010    @a978-7-04-040740-2@dCNY31.80
100    @a20150119d2014 em y0chiy50 ea
101 0  @achi
102    @aCN@b110000
105    @ay z 000yy
200 1  @a大学数学@9da xue shu xue@i随机数学@f孙毅,高彦伟,张静主编
205    @a3版
210    @a北京@c高等教育出版社@d2014.12
215    @a328页@d23cm
225 2  @a普通高等教育“十一五”国家级规划教材@9pu tong gao deng jiao yu shi yi wu guo jia ji gui hua jiao cai
330    @a本书主要介绍了概率论与数理统计两部分内容。概率论部分包括随机事件及其概率、随机变量及其分布、多维随机变量及其分布、随机变量的数字特征、大数定律与中心极限定理等;数理统计部分主要讲述了数理统计的基本概念、参数估计和假设检验,并介绍了回归分析和方差分析等。
333    @a高等院校非数学类理工科各专业学生
461  0 @12001 @a普通高等教育“十一五”国家级规划教材
606 0  @a高等数学@x高等学校@j教材
606 0  @a随机过程@x高等学校@j教材
690    @aO13@v4
690    @aO211.6@v4
701  0 @a孙毅@9sun yi@4主编
701  0 @a高彦伟@9gao yan wei@4主编
701  0 @a张静@9zhang jing@4主编
801  0 @aCN@b大连网信软件有限公司图书馆·11@c20161205
905    @aZUCC@dO13@e529=3
    
    大学数学.随机数学/孙毅,高彦伟,张静主编.-3版.-北京:高等教育出版社,2014.12
    328页;23cm.-(普通高等教育“十一五”国家级规划教材)
    使用对象:高等院校非数学类理工科各专业学生
    
    ISBN 978-7-04-040740-2:CNY31.80
    本书主要介绍了概率论与数理统计两部分内容。概率论部分包括随机事件及其概率、随机变量及其分布、多维随机变量及其分布、随机变量的数字特征、大数定律与中心极限定理等;数理统计部分主要讲述了数理统计的基本概念、参数估计和假设检验,并介绍了回归分析和方差分析等。
●
相关链接 在E读中查询图书 在五车中查询图书 在当当中查询图书 在豆瓣中查询图书


正题名:大学数学     索取号:O13/529=3         预约/预借

序号 登录号 条形码 馆藏地/架位号 状态 备注
1 910486   209104869   第二样本阅览室/ [索取号:O13/529=3] 在馆    
2 910487   209104878   第三借阅区/ [索取号:O13/529=3] 在馆    
3 910488   209104887   第三借阅区/ [索取号:O13/529=3] 在馆    
4 910489   209104896   第三借阅区/ [索取号:O13/529=3] 在馆    
5 910490   209104903   第三借阅区/ [索取号:O13/529=3] 在馆    
唐山师范学院图书馆 欢迎您!
大连网信软件有限公司© 版权所有